000 00995nam a22003017a 4500
001 BR8503081
003 BR-BrBNA
005 20230928092206.0
007 ta
008 230509b bl.||||| |||| 00| 0 por d
040 _aBR-BrBNA
_bpor
_cBiblioteca Nacional de Agricultura
041 _a(Por)
072 _aE50
090 _ E50 BR8503081
100 1 _aShall, V.T.
110 1 _aFundacao Oswaldo Cruz, Rio de Janeiro, RJ (Brasil)
_95010
245 1 _aAuxilio a prevencao da esquistossomose. Modelo de Tecnologia de ensino util a escolares de 1. grau aplicavel a outras doencas parasitarias
_bApresentado no 3. Concurso Nacional de Tecnologias Apropriadas - Saude e Nutricao
260 3 _aRio de Janeiro, RJ (Brasil):
_c1985.
300 _a9 p.
650 _aTECNOLOGIA APROPRIADA
650 _aEDUCACAO
650 _aSANEAMENTO RURAL
650 _aSAUDE PUBLICA
650 _aVERMINOSE
650 _aRECURSO AUDIOVISUAL
909 _a202309
_bLucia
_c55
_dLucia Elande
942 _cBK
999 _c37613
_d37613